О связи коэффициента температуропроводности с механическими характеристиками конструкционных материалов; Фундаментальные исследования; № 6

Detalles Bibliográficos
Parent link:Фундаментальные исследования: научный журнал.— , 2003-
№ 6.— 2006.— [С. 49-50]
Autor principal: Бибик В. Л. Владислав Леонидович
Sumario:Заглавие с экрана
Режим доступа: по договору с организацией-держателем ресурса
Lenguaje:ruso
Publicado: 2006
Materias:
Acceso en línea:http://elibrary.ru/item.asp?id=10227948
http://www.rae.ru/fs/?section=content&op=show_article&article_id=2241
Formato: MixedMaterials Electrónico Capítulo de libro
KOHA link:https://koha.lib.tpu.ru/cgi-bin/koha/opac-detail.pl?biblionumber=638563

MARC

LEADER 00000naa0a2200000 4500
001 638563
005 20250205145619.0
035 |a (RuTPU)RU\TPU\network\2943 
090 |a 638563 
100 |a 20150203d2006 k||y0rusy50 ca 
101 0 |a rus 
102 |a RU 
135 |a drcn ---uucaa 
181 0 |a i  
182 0 |a b 
200 1 |a О связи коэффициента температуропроводности с механическими характеристиками конструкционных материалов  |f В. Л. Бибик 
203 |a Текст  |c электронный 
300 |a Заглавие с экрана 
320 |a [Библиогр.: с. 50 (4 назв.)] 
333 |a Режим доступа: по договору с организацией-держателем ресурса 
461 |t Фундаментальные исследования  |o научный журнал  |d 2003- 
463 |t № 6  |v [С. 49-50]  |d 2006 
610 1 |a электронный ресурс 
610 1 |a труды учёных ТПУ 
610 1 |a температуропроводность 
610 1 |a механические характеристики 
610 1 |a конструкционные материалы 
700 1 |a Бибик  |b В. Л.  |c специалист в области машиностроения  |c доцент Юргинского технологического института (филиала) Томского политехнического университета, кандидат технических наук  |f 1970-  |g Владислав Леонидович  |3 (RuTPU)RU\TPU\pers\24496  |9 10819 
801 2 |a RU  |b 63413507  |c 20170908  |g RCR 
856 4 |u http://elibrary.ru/item.asp?id=10227948 
856 4 |u http://www.rae.ru/fs/?section=content&op=show_article&article_id=2241 
942 |c CF